| 000 | 02117cam a22004454i 4500 | ||
|---|---|---|---|
| 003 | PE-LiUPU | ||
| 005 | 20250731173029.0 | ||
| 008 | 170809s2011 miu rb 000 0 eng d | ||
| 035 | _a(Sirsi) a238206 | ||
| 040 |
_aPE-LiUPU _bspa _cPE-LiUPU _erda |
||
| 049 | _aPRUA | ||
| 082 | 0 | 4 |
_a266.096 _bA2 _220 |
| 111 | 2 |
_aAdventist Mission in Africa Conference _d (2007: _cBerrien Springs, Michigan) |
|
| 245 | 1 | 0 |
_aAfrica : _bAdventist mission in Africa : challenges & prospects / _cGorden R. Doss [editor]. |
| 264 | 1 |
_aBerrien Springs, Michigan : _bDepartament of World Mission, Andrews University, _c2011. |
|
| 300 |
_aviii, 124 páginas ; _c23 centímetros |
||
| 336 |
_atext _2rdacontent |
||
| 337 |
_aunmediated _2rdamedia |
||
| 338 |
_avolume _2rdacarrier |
||
| 504 | _aBibliografía : Al final de cada capítulo. | ||
| 505 | 0 | _aThe challenges of Christian mission in Africa -- An overview of the state and challengees of adventist mission in sub-saharan Africa -- Adventist responses to mission challenges through theology an contextualization -- Adventist responses through evangelism and discipleship -- Adventist and self-realiance -- Adventist responses to mission challenges in Africa through education and leadership -- Adventist responses through healt and development -- Adventist responses to multiple allegiances. | |
| 526 | _aSEG42 | ||
| 526 | _aSEG41 | ||
| 526 | _aSEG40 | ||
| 526 | _aSEG39 | ||
| 526 | _aP94 | ||
| 526 | _aP87 | ||
| 526 | _aP86 | ||
| 526 | _aP85 | ||
| 526 | _aP77 | ||
| 526 | _aP76 | ||
| 526 | _aP35 | ||
| 650 | 0 | 4 |
_aMisiones _zAfrica _vCongresos |
| 910 |
_ajck _bncf _cncf _d20170808 |
||
| 942 |
_2ddc _cBOOK |
||
| 949 |
_a266.096 A2 _wDEWEY _c1 _i76699 _lCCODEBUL1 _mBUL _p5.00 _r0 _sY _tBOOK _u2017-08-08 _xTEOLOGIA _PP35 _0COMPRA _o.STAFF. Colección Teología |
||
| 596 | _a1 | ||
| 999 |
_a266.096 A2 _wDEWEY _c24909 _i76699 _f2021-11-10 _g4 _lCCODEBUL1 _mBUL _p5.00 _r0 _sY _tBOOK _u2017-8-9 _xTEOLOGIA _PP35 _0COMPRA _o.STAFF. Colección Teología _d24909 |
||
| 980 |
_81 _gALBERTO SANCHEZ Responsable de Automatización |
||